000 00801nam a22002175i 4500
001 162391
003 ES-MaACL
005 20230906212520.0
008 990728s1893 fr |||| | fre d
040 _aCCPB | B
_bspa
_cCCPB | B
100 1 _aPollock, Frederick.
_992847
245 1 0 _aIntroduction a l´étude de la sciencie polítique
_b: essais et conférences /
_cpar Frederick Pollock.
260 _aParis :
_bThorin & Fils, éditeurs,
_c1893.
300 _aVI, 583 p. ;
_c23 cm.
490 1 _aBibliothèque de l´histoire du droit et des institutions ;
_v9
597 1 _aAntep.
597 1 _aPort. con grab. calc.
830 0 _aBibliothèque de l´histoire du droit et des institutions ;
_v9
_9222194
852 _aES-MaACL
_jF-12734
_z-- Enc. pasta española
999 _c162391
_d162391